Krízový manažment vo verejnej správe

Saved in:
Bibliographic Details
Main Author: Šimák, Ladislav
Corporate Author: Žilinská univerzita v Žiline
Format: Book
Language:Slovak
Published: Žilina EDIS-vydavateľské centurm ŽU 2016
Edition:2. preprac. vyd.
Series:Vysokoškolské učebnice
Subjects:
Tags: Add Tag
No Tags, Be the first to tag this record!

MARC

LEADER 00000nam a2200000 4500
001 0234524
005 20221019111958.1
020 |a 978-80-554-1165-1 
041 0 |a slo 
044 |a SK 
245 1 0 |a Krízový manažment vo verejnej správe  |c Ladislav Šimák 
250 |a 2. preprac. vyd. 
264 1 |a Žilina  |b EDIS-vydavateľské centurm ŽU  |c 2016 
300 |a 263 s. 
490 1 |a Vysokoškolské učebnice 
830 0 |a Vysokoškolské učebnice 
610 2 0 |a manažment krízový 
610 2 0 |a konflikty 
610 2 0 |a vývoj hospodársky 
610 2 0 |a prostredie životné 
610 2 0 |a bezpečnosť 
610 2 0 |a kríza 
610 2 0 |a javy ekonomické 
610 2 0 |a javy sociálne 
610 2 0 |a správa verejná 
610 2 0 |a správa štátna 
610 2 0 |a organizácia 
610 2 0 |a ochrana civilná 
610 2 0 |a systémy informačné 
100 1 |a Šimák, Ladislav 
710 2 |a Žilinská univerzita v Žiline